|
|
|
|
| LEADER |
00000nam a2200000 a 4500 |
| 001 |
vtls009156750 |
| 003 |
SK-MaSNL |
| 005 |
20260301081325.0 |
| 008 |
240318s2007 xo dl fd 001 0 slo |
| 015 |
|
|
|a SNBA2008/05-02334
|
| 020 |
|
|
|a 9788089284078
|q (viaz.)
|
| 035 |
|
|
|a 70F81AD0-BB86-4E87-8141-6F0B047D0092
|
| 035 |
|
|
|a urn:nbn:sk:snk-amkztn
|
| 035 |
|
|
|a urn:nbn:sk:snk-am008oon
|
| 040 |
|
|
|a SNK
|b slo
|c SNK
|e AACR2
|
| 041 |
0 |
|
|a slo
|
| 044 |
|
|
|a xo
|c SK
|
| 072 |
|
7 |
|a 159.93/.94
|x Senzorické a motorické funkcie. Emócie. Vôľa
|2 konspekt
|
| 072 |
|
7 |
|a 37
|x Výchova a vzdelávanie
|2 konspekt
|
| 080 |
|
|
|a 373.3.011.3-052
|2 2001
|
| 080 |
|
|
|a 159.923.5
|2 2001
|
| 080 |
|
|
|a 159.943
|2 2001
|
| 080 |
|
|
|a 371.3
|2 2001
|
| 080 |
|
|
|a (048.8)
|2 2001
|
| 080 |
|
|
|a 62:37.016
|2 2001
|
| 100 |
1 |
|
|a Bajtoš, Ján,
|d 1962-
|4 aut
|9 110316
|
| 245 |
1 |
0 |
|a Psychomotorická zložka osobnosti žiaka
|b (formovanie, rozvoj a hodnotenie v technických predmetoch)
|c Ján Bajtoš
|
| 250 |
|
|
|a 1. vyd.
|
| 260 |
|
|
|a [Košice]
|b Equilibria
|c 2007
|
| 300 |
|
|
|a 113 s.
|b grafy, sch.
|c 25 cm
|
| 504 |
|
|
|a Bibliogr. s. 103-105. Vec. reg.
|
| 650 |
0 |
7 |
|a žiaci
|2 SNKPH
|9 16621
|
| 650 |
0 |
7 |
|a rozvoj osobnosti
|2 SNKPH
|9 63298
|
| 650 |
0 |
7 |
|a psychomotorika
|2 SNKPH
|9 71296
|
| 650 |
0 |
7 |
|a vyučovanie
|2 SNKPH
|9 1522
|
| 650 |
0 |
7 |
|a vyučovacie metódy
|2 SNKPH
|9 1521
|
| 650 |
0 |
7 |
|a Learners
|2 SNKPHeng
|9 275930
|
| 650 |
0 |
7 |
|a Personality development
|2 SNKPHeng
|9 275896
|
| 650 |
0 |
7 |
|a Perceptual-motor skills
|2 SNKPHeng
|9 342570
|
| 650 |
0 |
7 |
|a Teaching
|2 SNKPH
|9 267199
|
| 650 |
0 |
7 |
|a Teaching methods
|2 SNKPHeng
|9 286676
|
| 650 |
0 |
7 |
|a technické predmety
|2 SNKPH
|9 4361
|
| 650 |
0 |
7 |
|a Technical school subjects
|2 SNKPHeng
|9 338020
|
| 655 |
|
7 |
|a monografie
|2 SNKPH
|9 70139
|
| 655 |
|
7 |
|a Monographs
|2 SNKPHeng
|9 120675
|
| 919 |
|
|
|a 978-80-89284-07-8
|
| 958 |
|
|
|a NB
|
| 958 |
|
|
|a OND
|
| 968 |
|
|
|d 1
|
| 999 |
|
|
|c 655583
|d 657513
|
| 952 |
|
|
|a SNK
|b SNK
|y PREZ
|7 0
|p 17A0566778
|o snkSC 129690
|i snk2007/24001
|8 0
|0 0
|1 0
|4 0
|d 2007-11-07
|f 1
|l 0
|r 2025-06-18 00:00:00
|w 2026-02-23
|
| 952 |
|
|
|a SNK
|b SNK
|y VYP
|7 0
|p 17A0566779
|o snkSC 129690 D1
|i snk2007/24002
|8 0
|0 0
|1 0
|4 0
|d 2007-11-07
|l 0
|r 2026-02-23 18:35:41
|w 2026-02-23
|